00653nam a2200253Ia 450000500170000000800460001702000180006303700100008104000080009104000080009904000080010704100080011504100080012308400080013110000260013924500230016526000320018826000090022065000080022985600400023794200100027799900210028795200910030820260306164033.0008 260114s9999 xx 000 0 eng d a9780226770062 aEBOOK aCRL beng cCRL 2eng aeng qCRL aSprott, Doob91129873 0aJustice For Girls? bUniversity of Chicago Press c2013 aLaw uhttps://academic.oup.com/book/28642 cEBOOK c1712492d1712492 00104070aCRLbCRLd2026-03-06l0pCL2005013r2026-03-06 16:40:33w2026-03-06yEBOOK